=LDR 00000nam 2200000 4500 =001 INLIS000000000005104 =005 20130612093348 =008 ***********************************Ind** =035 ##$$0010-061300000005104 =041 ##$$a Ind =082 ##$$a 635.21 =090 ##$$a 635.21, Set k =100 ##$$a Setiadi =245 ##$$a Kentang, Varietas dan pembudidayaan, Setiadi =260 ##$$a 1997 $b Jakarta =300 ##$$a vii,. 7 hlmbilus, 21 cm =650 ##$$a Kentang =650 ##$$a Budiday =850 ##$$a NBPNMAT